Library of the University of Algiers 3
Ibrahim Sultan Cheibout
شعار جامعة الجزائر 3
مكتبة جامعة الجزائر 3
إبراهيم سلطان شيبوط

التفاوض الفعّال في الحياة والأعمال / (رقم التسجيلة. 42413)

تفاصيل مارك
000 -LEADER
fixed length control field 01216nam a2200205Ia 4500
003 - CONTROL NUMBER IDENTIFIER
control field Ost
005 - DATE AND TIME OF LATEST TRANSACTION
control field 20260507075032.0
008 - FIXED-LENGTH DATA ELEMENTS--GENERAL INFORMATION
fixed length control field 260507s9999||||xx |||||||||||||| ||und||
040 ## - CATALOGING SOURCE
Transcribing agency fsecg
041 ## - LANGUAGE CODE
Language code of text/sound track or separate title ara
082 ## - DEWEY DECIMAL CLASSIFICATION NUMBER
Classification number 330
100 ## - MAIN ENTRY--PERSONAL NAME
Personal name عفيفي، صديق محمد
Relator term مؤلف
245 #0 - TITLE STATEMENT
Title التفاوض الفعّال في الحياة والأعمال /
Statement of responsibility, etc. صديق محمد عفيفي
260 ## - PUBLICATION, DISTRIBUTION, ETC.
Place of publication, distribution, etc. الإسكندرية:
Name of publisher, distributor, etc. المكتب العربي الحديث,
Date of publication, distribution, etc. 2003
300 ## - PHYSICAL DESCRIPTION
Extent 246 صفحة؛
Other physical details إيضاحات ؛
Dimensions 24 سم
520 ## - SUMMARY, ETC.
Summary, etc. طبيعة عملية التفاوض- الإعداد للتفاوض-إستراتيجيات التفاوض وتكتيكاته- العوامل المحددة لإختيار إستراتيجيات وتكتيكات التفاوض- دور الوقت في عملية التفاوض- دور الاسئلة في عملية التفاوض- الإستشارة والوساطة والتحكيم- التفاوض في المعاملات الدولية- بعد التفاوض- إتمام التعاقد- خصائص ونصائح المفاوضين
653 ## - INDEX TERM--UNCONTROLLED
Uncontrolled term إدارة الأعمال
700 ## - ADDED ENTRY--PERSONAL NAME
Personal name حرمين حزين، سعد
Relator term مؤلف ثانوي
942 ## - ADDED ENTRY ELEMENTS (KOHA)
Koha item type كتب
المقتنيات
Withdrawn status Lost status Source of classification or shelving scheme Damaged status Not for loan Home library Current library Date acquired Serial enumeration / chronology Inventory number Total checkouts Full call number Barcode Date last seen Price effective from Koha item type
    Dewey Decimal Classification   NOT LOAN / إعارة داخلية مكتبة كلية العلوم الإقتصادية والعلوم التجارية وعلوم التسيير مكتبة كلية العلوم الإقتصادية والعلوم التجارية وعلوم التسيير 07/05/2026 الطابق الأرضي 1/257   أ/257ن1 1/257 07/05/2026 07/05/2026 كتب

موارد الويب المفتوحة


© University of Algiers 3 All Rights Reserved
|
Implemented by LECHELAH Riad